Statistics for Cricket: Most Individual Career T20 Hundreds

Click here to take the quiz!

General Stats

  • This quiz has been taken 18 times
    (4 since last reset)
  • The average score is 17 of 23

Answer Stats

CountryInnings100sAnswer% Correct
AUS3478Aaron Finch
100%
ENG3345Alex Hales
100%
PAK2106Babar Azam
100%
NZ3647Brendon McCullum
100%
WI45522Chris Gayle
100%
AUS3248David Warner
100%
WI3275Dwayne Smith
100%
AUS3385Glenn Maxwell
100%
ENG2695Jason Roy
100%
ENG2936Jos Buttler
100%
IND1746KL Rahul
100%
SA2545Quinton de Kock
100%
IND3716Rohit Sharma
100%
AUS3356Shane Watson
100%
IND3255Virat Kohli
100%
NZ3125Colin Munro
50%
ENG2505Dawid Malan
50%
WI1935Evin Lewis
50%
PAK2745Kamran Akmal
25%
PAK2315Ahmed Shehzad
0%
SA2505Cameron Delport
0%
ENG3157Luke Wright
0%
AUS1988Michael Klinger
0%

Score Distribution

Percentile by Number Answered

Percent of People with Each Score

Your Score History

You have not taken this quiz since the last reset